Biblioteca ESET

Borges, el mismo, otro | Una lógica simbólica (Registro nro. 597)

Detalles MARC
000 -CABECERA
fixed length control field 00618nam a2200205Ia 4500
003 - CONTROL NUMBER IDENTIFIER
control field AR-BeUNQ
005 - FECHA Y HORA DE LA ULTIMA TRANSACCION
control field 20240430150758.0
008 - ELEMENTOS DE LONGITUD FIJA-INFORMACION GENERAL
fixed length control field 221202s9999 xx 000 0 und d
040 ## - FUENTE DE CATALOGACION
Agencia de catalogación original AR-BeUNQ
Idioma de catalogación ESPAÑOL
Convenciones de la descripción aacr
Agencia que realiza la transcripción AR-BeUNQ
110 ## - ASIENTO PRINCIPAL-NOMBRE CORPORATIVO
Nombre corporativo o de jurisdicción como elemento de entrada Biblioteca Nacional
245 #0 - MENCION DE TITULO
Título Borges, el mismo, otro
Otra información sobre el título Una lógica simbólica
250 ## - MENCION DE EDICION
Mención de edición 1a ed.
260 ## - PUBLICACION, DISTRIBUCION, ETC.
Lugar de publicación, distribución, etc. Ciudad Autónoma de Buenos Aires
Nombre del editor, distribuidor, etc. Biblioteca Nacional
Fecha de publicación, distribución, etc 2022
300 ## - DESCRIPCION FISICA
Extensión 108 p. ;
Dimensiones 27 x 20 cm
546 ## - NOTA DE IDIOMA
Nota de idioma Español
653 ## - TERMINO DE INDIZACION - NO CONTROLADO
Término de indización no controlado Análisis Literario
653 ## - TERMINO DE INDIZACION - NO CONTROLADO
Término de indización no controlado Literatura
929 ## - DATOS DE ADQUISICION
Proveedor Biblioteca Nacional
Fecha de recibido 2022
Procedencia DONACION
Número de inventario 59648
Patrimonio UNQ PAT0081552
942 ## - ELEMENTOS DE PUNTO DE ACCESO ADICIONAL (KOHA)
Tipo de ítem Koha Libros
Suppress in OPAC 0
Existencias
Estado de retiro Estado de pérdida Fecha de ingreso Total Checkouts Signatura topográfica completa Inventario Date last seen Tipo de ítem Koha
    02/12/2022   801 BOR 59648 02/12/2022 Libros

ESET UNQ

☏ 4365-7188
 Avenida República de Francia 1714 entre Doctor Kenny y Concordia, Ezpeleta, Bs As.
✉ secretaria_eset@unq.edu.ar

Con tecnología Koha